[Event "ODJM A 2025"]
[Site "Willingen GER"]
[Date "2025.06.10"]
[Round "4"]
[White "Arp, Piotr"]
[Black "Vollmar, Timo"]
[Result "1/2-1/2"]
[Termination "normal"]
[Board "19"]
[WhiteElo "1863"]
[BlackElo "1885"]
[WhiteClock "00:00:41"]
[BlackClock "00:09:59"]
[PlyCount "78"]
[WhiteFideId "34657398"]
[BlackFideId "16253582"]
[EventCountry "GER"]
[EventRounds "9"]
[EventType "swiss"]
[EventDate "2025.06.07"]

1. d4 {[%clk 01:30:58]} {[%emt 00:00:04]} Nf6 {[%clk 01:30:50]} {[%emt
00:00:10]} 2. c4 {[%clk 01:31:25]} {[%emt 00:00:04]} e6 {[%clk 01:31:13]}
{[%emt 00:00:06]} 3. Nc3 {[%clk 01:31:45]} {[%emt 00:00:10]} d5 {[%clk
01:31:32]} {[%emt 00:00:11]} 4. cxd5 {[%clk 01:32:00]} {[%emt 00:00:15]} Nxd5
{[%clk 01:31:44]} {[%emt 00:00:18]} 5. e4 {[%clk 01:32:22]} {[%emt 00:00:08]}
Nxc3 {[%clk 01:32:08]} {[%emt 00:00:06]} 6. bxc3 {[%clk 01:32:47]} {[%emt
00:00:06]} c5 {[%clk 01:32:27]} {[%emt 00:00:10]} 7. Nf3 {[%clk 01:09:46]}
{[%emt 00:23:31]} cxd4 {[%clk 01:32:30]} {[%emt 00:00:27]} 8. cxd4 {[%clk
01:10:08]} {[%emt 00:00:08]} Bb4+ {[%clk 01:32:48]} {[%emt 00:00:13]} 9. Bd2
{[%clk 01:10:29]} {[%emt 00:00:08]} Bxd2+ {[%clk 01:33:04]} {[%emt 00:00:13]}
10. Qxd2 {[%clk 01:10:55]} {[%emt 00:00:05]} O-O {[%clk 01:33:16]} {[%emt
00:00:17]} 11. Bc4 {[%clk 01:09:00]} {[%emt 00:02:26]} Nd7 {[%clk 01:33:16]}
{[%emt 00:00:30]} 12. O-O {[%clk 01:08:59]} {[%emt 00:00:30]} b6 {[%clk
01:33:20]} {[%emt 00:00:27]} 13. d5 {[%clk 01:03:22]} {[%emt 00:06:07]} Nc5
{[%clk 01:28:03]} {[%emt 00:05:47]} 14. Rfe1 {[%clk 00:59:09]} {[%emt
00:04:43]} exd5 {[%clk 01:24:51]} {[%emt 00:03:42]} 15. Bxd5 {[%clk 00:57:26]}
{[%emt 00:02:12]} Bb7 {[%clk 01:25:09]} {[%emt 00:00:14]} 16. Rad1 {[%clk
00:55:19]} {[%emt 00:02:36]} Re8 {[%clk 01:17:30]} {[%emt 00:08:08]} 17. Qf4
{[%clk 00:45:53]} {[%emt 00:09:57]} Bxd5 {[%clk 01:15:32]} {[%emt 00:02:27]}
18. exd5 {[%clk 00:41:55]} {[%emt 00:04:30]} Rxe1+ {[%clk 01:14:05]} {[%emt
00:01:56]} 19. Nxe1 {[%clk 00:42:14]} {[%emt 00:00:10]} Qd7 {[%clk 01:08:20]}
{[%emt 00:06:15]} 20. Nf3 {[%clk 00:37:50]} {[%emt 00:04:54]} f6 {[%clk
01:03:44]} {[%emt 00:05:06]} 21. h3 {[%clk 00:26:56]} {[%emt 00:11:25]} Re8
{[%clk 00:56:00]} {[%emt 00:08:14]} 22. Qc4 {[%clk 00:22:52]} {[%emt 00:04:34]}
Qa4 {[%clk 00:54:50]} {[%emt 00:01:40]} 23. Qxa4 {[%clk 00:22:35]} {[%emt
00:00:47]} Nxa4 {[%clk 00:55:15]} {[%emt 00:00:05]} 24. Rd3 {[%clk 00:19:39]}
{[%emt 00:03:25]} Rd8 {[%clk 00:35:36]} {[%emt 00:20:09]} 25. Ra3 {[%clk
00:08:24]} {[%emt 00:11:46]} b5 {[%clk 00:35:56]} {[%emt 00:00:10]} 26. Nd4
{[%clk 00:08:40]} {[%emt 00:00:14]} a6 {[%clk 00:36:16]} {[%emt 00:00:11]} 27.
Nc6 {[%clk 00:08:59]} {[%emt 00:00:10]} Rd6 {[%clk 00:35:27]} {[%emt 00:01:19]}
28. Rd3 {[%clk 00:03:32]} {[%emt 00:05:58]} Kf7 {[%clk 00:34:49]} {[%emt
00:01:07]} 29. Nb4 {[%clk 00:02:53]} {[%emt 00:01:10]} Ke7 {[%clk 00:27:29]}
{[%emt 00:07:49]} 30. f4 {[%clk 00:01:33]} {[%emt 00:01:49]} Kd7 {[%clk
00:27:38]} {[%emt 00:00:22]} 31. Kf2 {[%clk 00:01:39]} {[%emt 00:00:23]} Kc7
{[%clk 00:26:06]} {[%emt 00:02:03]} 32. Ke3 {[%clk 00:01:01]} {[%emt 00:01:08]}
Kb6 {[%clk 00:25:50]} {[%emt 00:00:46]} 33. Kd4 {[%clk 00:00:53]} {[%emt
00:00:38]} a5 {[%clk 00:23:42]} {[%emt 00:02:38]} 34. Nc6 {[%clk 00:01:06]}
{[%emt 00:00:17]} b4 {[%clk 00:23:15]} {[%emt 00:00:57]} 35. Ne7 {[%clk
00:00:35]} {[%emt 00:01:00]} Rd7 {[%clk 00:23:26]} {[%emt 00:00:19]} 36. Re3
{[%clk 00:00:31]} {[%emt 00:00:36]} Nc3 {[%clk 00:23:25]} {[%emt 00:00:28]} 37.
Kc4 {[%clk 00:00:33]} {[%emt 00:00:29]} Nxa2 {[%clk 00:22:32]} {[%emt
00:01:23]} 38. Re6+ {[%clk 00:00:54]} {[%emt 00:00:10]} Kb7 {[%clk 00:21:48]}
{[%emt 00:01:14]} 39. Kb5 {[%clk 00:00:41]} {[%emt 00:00:44]} Nc3+ {[%clk
00:09:59]} {[%emt 00:12:17]} 1/2-1/2

[Event "ODJM A 2025"]
[Site "Willingen GER"]
[Date "2025.06.10"]
[Round "4"]
[White "Müller, Mark"]
[Black "Seitz, Manuel"]
[Result "1-0"]
[Termination "normal"]
[Board "20"]
[WhiteElo "2029"]
[BlackElo "1859"]
[WhiteClock "00:02:52"]
[BlackClock "00:06:16"]
[PlyCount "118"]
[WhiteFideId "12997218"]
[BlackFideId "16215770"]
[EventCountry "GER"]
[EventRounds "9"]
[EventType "swiss"]
[EventDate "2025.06.07"]

1. e4 {[%clk 01:30:57]} {[%emt 00:00:05]} c6 {[%clk 01:30:52]} {[%emt
00:00:06]} 2. d4 {[%clk 01:31:18]} {[%emt 00:00:10]} d5 {[%clk 01:31:14]}
{[%emt 00:00:07]} 3. e5 {[%clk 01:31:17]} {[%emt 00:00:30]} c5 {[%clk
01:31:35]} {[%emt 00:00:09]} 4. Nf3 {[%clk 01:31:30]} {[%emt 00:00:17]} cxd4
{[%clk 01:31:19]} {[%emt 00:00:47]} 5. Nxd4 {[%clk 01:31:51]} {[%emt 00:00:09]}
Nc6 {[%clk 01:31:17]} {[%emt 00:00:32]} 6. Nxc6 {[%clk 01:29:10]} {[%emt
00:03:11]} bxc6 {[%clk 01:31:39]} {[%emt 00:00:08]} 7. Bd3 {[%clk 01:29:32]}
{[%emt 00:00:08]} e6 {[%clk 01:29:18]} {[%emt 00:02:51]} 8. O-O {[%clk
01:24:45]} {[%emt 00:05:16]} a5 {[%clk 01:26:16]} {[%emt 00:03:33]} 9. Qe2
{[%clk 01:15:01]} {[%emt 00:10:15]} c5 {[%clk 01:16:30]} {[%emt 00:10:15]} 10.
c4 {[%clk 01:13:28]} {[%emt 00:02:02]} d4 {[%clk 01:09:05]} {[%emt 00:07:55]}
11. Nd2 {[%clk 01:11:58]} {[%emt 00:02:00]} Ne7 {[%clk 01:02:05]} {[%emt
00:07:30]} 12. Nf3 {[%clk 00:54:03]} {[%emt 00:18:27]} Nc6 {[%clk 00:58:04]}
{[%emt 00:04:31]} 13. Qe4 {[%clk 00:41:10]} {[%emt 00:13:21]} Bb7 {[%clk
00:53:50]} {[%emt 00:04:45]} 14. Qf4 {[%clk 00:35:12]} {[%emt 00:06:27]} Qc7
{[%clk 00:44:52]} {[%emt 00:09:29]} 15. Bd2 {[%clk 00:29:32]} {[%emt 00:06:10]}
Be7 {[%clk 00:42:49]} {[%emt 00:02:33]} 16. h4 {[%clk 00:24:39]} {[%emt
00:05:24]} O-O-O {[%clk 00:31:53]} {[%emt 00:11:26]} 17. Qxf7 {[%clk 00:22:40]}
{[%emt 00:02:27]} Kb8 {[%clk 00:29:36]} {[%emt 00:02:47]} 18. Rae1 {[%clk
00:19:42]} {[%emt 00:03:28]} Rhf8 {[%clk 00:19:08]} {[%emt 00:10:59]} 19. Qxe6
{[%clk 00:16:22]} {[%emt 00:03:50]} Bc8 {[%clk 00:18:13]} {[%emt 00:01:25]} 20.
Qd5 {[%clk 00:15:19]} {[%emt 00:01:33]} Rxd5 {[%clk 00:18:22]} {[%emt
00:00:21]} 21. cxd5 {[%clk 00:15:44]} {[%emt 00:00:04]} Nb4 {[%clk 00:17:01]}
{[%emt 00:01:52]} 22. Bxb4 {[%clk 00:15:52]} {[%emt 00:00:23]} axb4 {[%clk
00:17:05]} {[%emt 00:00:26]} 23. d6 {[%clk 00:15:56]} {[%emt 00:00:25]} Bxd6
{[%clk 00:17:24]} {[%emt 00:00:11]} 24. exd6 {[%clk 00:16:19]} {[%emt
00:00:07]} Qxd6 {[%clk 00:17:35]} {[%emt 00:00:19]} 25. Ne5 {[%clk 00:10:54]}
{[%emt 00:05:54]} Bb7 {[%clk 00:15:33]} {[%emt 00:02:34]} 26. b3 {[%clk
00:09:18]} {[%emt 00:02:05]} Re8 {[%clk 00:12:59]} {[%emt 00:03:04]} 27. f4
{[%clk 00:08:08]} {[%emt 00:01:39]} h6 {[%clk 00:12:31]} {[%emt 00:00:59]} 28.
h5 {[%clk 00:06:55]} {[%emt 00:01:44]} Ka8 {[%clk 00:10:42]} {[%emt 00:02:19]}
29. Re2 {[%clk 00:06:40]} {[%emt 00:00:41]} Qf6 {[%clk 00:08:56]} {[%emt
00:02:19]} 30. Rff2 {[%clk 00:04:36]} {[%emt 00:02:33]} Qh4 {[%clk 00:06:27]}
{[%emt 00:03:00]} 31. Bg6 {[%clk 00:04:26]} {[%emt 00:00:38]} Rd8 {[%clk
00:05:37]} {[%emt 00:01:21]} 32. Nd3 {[%clk 00:04:39]} {[%emt 00:00:15]} Ba6
{[%clk 00:05:13]} {[%emt 00:00:57]} 33. Re5 {[%clk 00:04:36]} {[%emt 00:00:33]}
Bxd3 {[%clk 00:04:30]} {[%emt 00:01:13]} 34. Bxd3 {[%clk 00:04:58]} {[%emt
00:00:08]} Rc8 {[%clk 00:04:18]} {[%emt 00:00:40]} 35. Rf3 {[%clk 00:04:36]}
{[%emt 00:00:51]} Qf6 {[%clk 00:03:51]} {[%emt 00:01:00]} 36. g3 {[%clk
00:04:38]} {[%emt 00:00:27]} Qf7 {[%clk 00:02:44]} {[%emt 00:01:39]} 37. Rf2
{[%clk 00:04:26]} {[%emt 00:00:41]} Qc7 {[%clk 00:01:57]} {[%emt 00:01:17]} 38.
Rfe2 {[%clk 00:04:18]} {[%emt 00:00:39]} Rd8 {[%clk 00:01:58]} {[%emt
00:00:28]} 39. Rc2 {[%clk 00:03:48]} {[%emt 00:01:00]} Qd7 {[%clk 00:00:53]}
{[%emt 00:01:35]} 40. Kg2 {[%clk 00:01:16]} {[%emt 00:02:59]} Qg4 {[%clk
00:00:32]} {[%emt 00:00:53]} 41. Rc1 {[%clk 00:16:12]} {[%emt 00:15:28]} Rf8
{[%clk 00:23:25]} {[%emt 00:07:43]} 42. Rf1 {[%clk 00:16:14]} {[%emt 00:00:28]}
Qc8 {[%clk 00:19:35]} {[%emt 00:04:19]} 43. a4 {[%clk 00:10:12]} {[%emt
00:06:30]} Re8 {[%clk 00:15:44]} {[%emt 00:04:25]} 44. Rfe1 {[%clk 00:09:55]}
{[%emt 00:00:45]} Rxe5 {[%clk 00:15:49]} {[%emt 00:00:27]} 45. fxe5 {[%clk
00:08:57]} {[%emt 00:01:28]} Qe6 {[%clk 00:15:15]} {[%emt 00:01:03]} 46. Bc4
{[%clk 00:09:18]} {[%emt 00:00:09]} Qe7 {[%clk 00:15:38]} {[%emt 00:00:07]} 47.
e6 {[%clk 00:08:37]} {[%emt 00:01:12]} Kb8 {[%clk 00:13:09]} {[%emt 00:02:59]}
48. a5 {[%clk 00:08:23]} {[%emt 00:00:42]} Kc8 {[%clk 00:09:54]} {[%emt
00:03:47]} 49. a6 {[%clk 00:08:09]} {[%emt 00:00:43]} Kd8 {[%clk 00:08:43]}
{[%emt 00:01:42]} 50. a7 {[%clk 00:05:02]} {[%emt 00:03:37]} Qb7+ {[%clk
00:08:13]} {[%emt 00:01:00]} 51. Kf2 {[%clk 00:05:09]} {[%emt 00:00:20]} Ke7
{[%clk 00:07:56]} {[%emt 00:00:49]} 52. Ra1 {[%clk 00:05:21]} {[%emt 00:00:16]}
Qa8 {[%clk 00:07:54]} {[%emt 00:00:36]} 53. Bd5 {[%clk 00:04:55]} {[%emt
00:00:54]} Qxd5 {[%clk 00:06:37]} {[%emt 00:01:49]} 54. a8=Q {[%clk 00:05:04]}
{[%emt 00:00:08]} Qxb3 {[%clk 00:06:56]} {[%emt 00:00:22]} 55. Ra7+ {[%clk
00:04:24]} {[%emt 00:01:10]} Kd6 {[%clk 00:06:21]} {[%emt 00:01:05]} 56. Rd7+
{[%clk 00:03:20]} {[%emt 00:01:35]} Ke5 {[%clk 00:06:35]} {[%emt 00:00:15]} 57.
Qb8+ {[%clk 00:02:16]} {[%emt 00:01:34]} Kf6 {[%clk 00:05:55]} {[%emt
00:01:11]} 58. Qf4+ {[%clk 00:02:27]} {[%emt 00:00:18]} Kxe6 {[%clk 00:06:16]}
{[%emt 00:00:09]} 59. Qf7+ {[%clk 00:02:52]} {[%emt 00:00:06]} Kd5 {[%emt
00:00:15]} 1-0

[Event "ODJM A 2025"]
[Site "Willingen GER"]
[Date "2025.06.10"]
[Round "4"]
[White "Zweigait, Leon"]
[Black "Zhang, Onno"]
[Result "0-1"]
[Termination "normal"]
[Board "21"]
[WhiteElo "1913"]
[BlackElo "1859"]
[WhiteClock "00:00:32"]
[BlackClock "00:21:42"]
[PlyCount "76"]
[WhiteFideId "16201388"]
[BlackFideId "34643397"]
[EventCountry "GER"]
[EventRounds "9"]
[EventType "swiss"]
[EventDate "2025.06.07"]

1. e4 {[%clk 01:30:56]} {[%emt 00:00:03]} c5 {[%clk 01:30:54]} {[%emt
00:00:05]} 2. Nf3 {[%clk 01:31:22]} {[%emt 00:00:04]} d6 {[%clk 01:31:04]}
{[%emt 00:00:19]} 3. d4 {[%clk 01:31:39]} {[%emt 00:00:14]} cxd4 {[%clk
01:31:24]} {[%emt 00:00:07]} 4. Nxd4 {[%clk 01:31:53]} {[%emt 00:00:20]} Nf6
{[%clk 01:31:46]} {[%emt 00:00:06]} 5. Nc3 {[%clk 01:32:17]} {[%emt 00:00:06]}
a6 {[%clk 01:32:09]} {[%emt 00:00:08]} 6. g3 {[%clk 01:32:28]} {[%emt
00:00:19]} e5 {[%clk 01:31:23]} {[%emt 00:01:15]} 7. Nde2 {[%clk 01:32:52]}
{[%emt 00:00:06]} Be7 {[%clk 01:31:20]} {[%emt 00:00:33]} 8. Bg2 {[%clk
01:32:03]} {[%emt 00:01:20]} O-O {[%clk 01:29:01]} {[%emt 00:02:48]} 9. O-O
{[%clk 01:31:10]} {[%emt 00:01:23]} Nbd7 {[%clk 01:26:43]} {[%emt 00:02:49]}
10. a4 {[%clk 01:29:33]} {[%emt 00:02:06]} b6 {[%clk 01:26:30]} {[%emt
00:00:44]} 11. Nd5 {[%clk 01:29:52]} {[%emt 00:00:10]} Nxd5 {[%clk 01:24:59]}
{[%emt 00:02:01]} 12. Qxd5 {[%clk 01:29:54]} {[%emt 00:00:29]} Rb8 {[%clk
01:24:22]} {[%emt 00:01:06]} 13. b4 {[%clk 01:18:11]} {[%emt 00:12:13]} Bb7
{[%clk 01:24:24]} {[%emt 00:00:29]} 14. Qb3 {[%clk 01:18:29]} {[%emt 00:00:12]}
Rc8 {[%clk 01:19:44]} {[%emt 00:05:10]} 15. Be3 {[%clk 01:11:34]} {[%emt
00:07:24]} Qc7 {[%clk 01:14:48]} {[%emt 00:05:25]} 16. c3 {[%clk 01:01:47]}
{[%emt 00:10:18]} Nf6 {[%clk 01:12:50]} {[%emt 00:02:28]} 17. f3 {[%clk
00:56:10]} {[%emt 00:06:08]} d5 {[%clk 01:09:24]} {[%emt 00:03:56]} 18. exd5
{[%clk 00:44:32]} {[%emt 00:12:08]} Bxd5 {[%clk 01:08:03]} {[%emt 00:01:50]}
19. Qb2 {[%clk 00:44:53]} {[%emt 00:00:10]} Bc4 {[%clk 01:06:28]} {[%emt
00:02:00]} 20. Rac1 {[%clk 00:41:52]} {[%emt 00:03:35]} Nd5 {[%clk 00:57:20]}
{[%emt 00:09:38]} 21. Bf2 {[%clk 00:39:32]} {[%emt 00:02:49]} Bg5 {[%clk
00:52:48]} {[%emt 00:05:03]} 22. f4 {[%clk 00:37:18]} {[%emt 00:02:44]} exf4
{[%clk 00:52:16]} {[%emt 00:01:02]} 23. Bxd5 {[%clk 00:37:30]} {[%emt
00:00:18]} Bxd5 {[%clk 00:51:46]} {[%emt 00:01:01]} 24. Rcd1 {[%clk 00:30:13]}
{[%emt 00:07:47]} Ba8 {[%clk 00:51:32]} {[%emt 00:00:43]} 25. c4 {[%clk
00:23:53]} {[%emt 00:06:50]} Qb7 {[%clk 00:51:37]} {[%emt 00:00:23]} 26. Rd5
{[%clk 00:23:09]} {[%emt 00:01:16]} Rxc4 {[%clk 00:50:54]} {[%emt 00:01:13]}
27. Rfd1 {[%clk 00:23:26]} {[%emt 00:00:13]} Bf6 {[%clk 00:49:53]} {[%emt
00:01:30]} 28. Qb3 {[%clk 00:23:04]} {[%emt 00:00:52]} Qc8 {[%clk 00:38:14]}
{[%emt 00:12:08]} 29. Rd7 {[%clk 00:13:00]} {[%emt 00:10:36]} f3 {[%clk
00:33:54]} {[%emt 00:04:50]} 30. Nf4 {[%clk 00:12:55]} {[%emt 00:00:36]} Rc3
{[%clk 00:33:26]} {[%emt 00:00:57]} 31. Qb1 {[%clk 00:09:01]} {[%emt 00:04:23]}
Be5 {[%clk 00:29:14]} {[%emt 00:04:44]} 32. Qf5 {[%clk 00:07:34]} {[%emt
00:01:57]} Bxf4 {[%clk 00:28:46]} {[%emt 00:00:57]} 33. Qxf4 {[%clk 00:06:23]}
{[%emt 00:01:42]} Bc6 {[%clk 00:28:05]} {[%emt 00:01:10]} 34. R7d2 {[%clk
00:05:29]} {[%emt 00:01:22]} Bxa4 {[%clk 00:27:40]} {[%emt 00:00:57]} 35. Re1
{[%clk 00:04:56]} {[%emt 00:01:02]} Re8 {[%clk 00:25:20]} {[%emt 00:02:47]} 36.
Rxe8+ {[%clk 00:03:02]} {[%emt 00:02:28]} Bxe8 {[%clk 00:23:58]} {[%emt
00:01:52]} 37. Bxb6 {[%clk 00:02:05]} {[%emt 00:01:27]} Qe6 {[%clk 00:21:46]}
{[%emt 00:02:41]} 38. Be3 {[%clk 00:00:32]} {[%emt 00:02:02]} Qxe3+ {[%clk
00:21:42]} {[%emt 00:00:35]} 0-1

[Event "ODJM A 2025"]
[Site "Willingen GER"]
[Date "2025.06.10"]
[Round "4"]
[White "Theisen, Johannes"]
[Black "Beduschi, Ben"]
[Result "0-1"]
[Termination "normal"]
[Board "22"]
[WhiteElo "1831"]
[BlackElo "2017"]
[WhiteClock "00:03:43"]
[BlackClock "00:07:27"]
[PlyCount "162"]
[WhiteFideId "16255526"]
[BlackFideId "16273443"]
[EventCountry "GER"]
[EventRounds "9"]
[EventType "swiss"]
[EventDate "2025.06.07"]

1. Nf3 {[%clk 01:30:54]} {[%emt 00:00:06]} d5 {[%clk 01:30:46]} {[%emt
00:00:13]} 2. g3 {[%clk 01:31:18]} {[%emt 00:00:05]} Nc6 {[%clk 01:28:39]}
{[%emt 00:02:38]} 3. d4 {[%clk 01:31:28]} {[%emt 00:00:20]} Bf5 {[%clk
01:28:12]} {[%emt 00:00:57]} 4. Bg2 {[%clk 01:31:03]} {[%emt 00:00:55]} e6
{[%clk 01:28:33]} {[%emt 00:00:09]} 5. O-O {[%clk 01:29:30]} {[%emt 00:02:03]}
h5 {[%clk 01:25:21]} {[%emt 00:03:43]} 6. h4 {[%clk 01:13:31]} {[%emt
00:16:29]} Nf6 {[%clk 01:22:06]} {[%emt 00:03:44]} 7. c4 {[%clk 01:00:57]}
{[%emt 00:13:04]} Qd7 {[%clk 01:14:00]} {[%emt 00:08:35]} 8. cxd5 {[%clk
00:52:37]} {[%emt 00:08:51]} exd5 {[%clk 01:13:59]} {[%emt 00:00:31]} 9. Ne5
{[%clk 00:51:20]} {[%emt 00:01:48]} Nxe5 {[%clk 01:10:56]} {[%emt 00:03:33]}
10. dxe5 {[%clk 00:51:20]} {[%emt 00:00:30]} Ne4 {[%clk 01:11:16]} {[%emt
00:00:09]} 11. Nc3 {[%clk 00:47:15]} {[%emt 00:04:35]} Nxc3 {[%clk 01:01:17]}
{[%emt 00:10:29]} 12. bxc3 {[%clk 00:44:36]} {[%emt 00:03:09]} c6 {[%clk
01:01:45]} {[%emt 00:00:01]} 13. e4 {[%clk 00:43:05]} {[%emt 00:02:02]} Bg4
{[%clk 00:41:36]} {[%emt 00:20:40]} 14. Qd4 {[%clk 00:38:22]} {[%emt 00:05:13]}
dxe4 {[%clk 00:39:13]} {[%emt 00:02:52]} 15. Qxd7+ {[%clk 00:34:37]} {[%emt
00:04:16]} Kxd7 {[%clk 00:38:59]} {[%emt 00:00:43]} 16. Bxe4 {[%clk 00:34:08]}
{[%emt 00:01:00]} Bc5 {[%clk 00:37:23]} {[%emt 00:02:04]} 17. Kg2 {[%clk
00:30:32]} {[%emt 00:04:07]} Kc7 {[%clk 00:30:49]} {[%emt 00:07:04]} 18. f3
{[%clk 00:29:38]} {[%emt 00:01:24]} Be6 {[%clk 00:31:11]} {[%emt 00:00:07]} 19.
Bg5 {[%clk 00:28:47]} {[%emt 00:01:22]} Rhe8 {[%clk 00:24:59]} {[%emt
00:06:41]} 20. Rfd1 {[%clk 00:27:02]} {[%emt 00:02:16]} a5 {[%clk 00:24:42]}
{[%emt 00:00:47]} 21. Rd2 {[%clk 00:22:44]} {[%emt 00:04:48]} a4 {[%clk
00:23:35]} {[%emt 00:01:37]} 22. Rad1 {[%clk 00:22:48]} {[%emt 00:00:26]} a3
{[%clk 00:22:58]} {[%emt 00:01:07]} 23. f4 {[%clk 00:17:29]} {[%emt 00:05:49]}
g6 {[%clk 00:21:39]} {[%emt 00:01:50]} 24. Rf1 {[%clk 00:17:35]} {[%emt
00:00:23]} Ra4 {[%clk 00:12:54]} {[%emt 00:09:15]} 25. f5 {[%clk 00:10:30]}
{[%emt 00:07:35]} gxf5 {[%clk 00:12:50]} {[%emt 00:00:34]} 26. Bxf5 {[%clk
00:10:44]} {[%emt 00:00:17]} Bd5+ {[%clk 00:13:04]} {[%emt 00:00:15]} 27. Kh2
{[%clk 00:10:59]} {[%emt 00:00:14]} Rc4 {[%clk 00:08:07]} {[%emt 00:05:28]} 28.
Rc2 {[%clk 00:11:24]} {[%emt 00:00:05]} b5 {[%clk 00:00:35]} {[%emt 00:08:01]}
29. Bd3 {[%clk 00:11:19]} {[%emt 00:00:36]} Ra4 {[%clk 00:00:54]} {[%emt
00:00:11]} 30. Be2 {[%clk 00:11:19]} {[%emt 00:00:30]} Kb6 {[%clk 00:00:34]}
{[%emt 00:00:50]} 31. Bxh5 {[%clk 00:08:35]} {[%emt 00:03:14]} Ra7 {[%clk
00:00:39]} {[%emt 00:00:24]} 32. Bf6 {[%clk 00:08:22]} {[%emt 00:00:43]} Be6
{[%clk 00:00:33]} {[%emt 00:00:36]} 33. g4 {[%clk 00:05:42]} {[%emt 00:03:10]}
Rd7 {[%clk 00:00:41]} {[%emt 00:00:22]} 34. g5 {[%clk 00:03:00]} {[%emt
00:03:13]} Rd3 {[%clk 00:01:05]} {[%emt 00:00:06]} 35. Rf3 {[%clk 00:03:02]}
{[%emt 00:00:28]} Rd1 {[%clk 00:01:00]} {[%emt 00:00:35]} 36. Rg3 {[%clk
00:02:17]} {[%emt 00:01:16]} Ra1 {[%clk 00:01:05]} {[%emt 00:00:24]} 37. Rgg2
{[%clk 00:01:13]} {[%emt 00:01:34]} Bd5 {[%clk 00:01:28]} {[%emt 00:00:06]} 38.
Bg4 {[%clk 00:00:32]} {[%emt 00:01:12]} Bxg2 {[%clk 00:00:52]} {[%emt
00:01:07]} 39. Rxg2 {[%clk 00:00:32]} {[%emt 00:00:29]} Rc1 {[%clk 00:00:38]}
{[%emt 00:00:43]} 40. h5 {[%clk 00:00:38]} {[%emt 00:00:25]} Rxc3 {[%clk
00:00:42]} {[%emt 00:00:26]} 41. h6 {[%clk 00:22:47]} {[%emt 00:08:21]} Be3
{[%clk 00:21:28]} {[%emt 00:09:43]} 42. h7 {[%clk 00:16:05]} {[%emt 00:07:13]}
Bf4+ {[%clk 00:21:38]} {[%emt 00:00:19]} 43. Kg1 {[%clk 00:12:26]} {[%emt
00:04:10]} Rc1+ {[%clk 00:20:33]} {[%emt 00:01:35]} 44. Kf2 {[%clk 00:12:39]}
{[%emt 00:00:18]} Rh1 {[%clk 00:20:43]} {[%emt 00:00:18]} 45. h8=Q {[%clk
00:11:21]} {[%emt 00:01:50]} Rhxh8 {[%clk 00:21:01]} {[%emt 00:00:11]} 46. Bxh8
{[%clk 00:11:46]} {[%emt 00:00:05]} Rxh8 {[%clk 00:21:29]} {[%emt 00:00:01]}
47. e6 {[%clk 00:10:22]} {[%emt 00:01:54]} fxe6 {[%clk 00:20:12]} {[%emt
00:01:47]} 48. Bxe6 {[%clk 00:10:41]} {[%emt 00:00:11]} Be5 {[%clk 00:16:03]}
{[%emt 00:04:38]} 49. Kf3 {[%clk 00:10:06]} {[%emt 00:01:05]} c5 {[%clk
00:08:43]} {[%emt 00:07:48]} 50. Ke4 {[%clk 00:08:07]} {[%emt 00:02:30]} Bg7
{[%clk 00:08:45]} {[%emt 00:00:28]} 51. Kd3 {[%clk 00:04:02]} {[%emt 00:04:35]}
c4+ {[%clk 00:08:34]} {[%emt 00:00:42]} 52. Bxc4 bxc4+ {[%clk 00:09:03]} 53.
Kxc4 {[%clk 00:01:04]} {[%emt 00:00:06]} Bb2 {[%clk 00:09:13]} {[%emt
00:00:18]} 54. Kb3 {[%clk 00:00:33]} {[%emt 00:01:03]} Rg8 {[%clk 00:09:34]}
{[%emt 00:00:08]} 55. g6 {[%clk 00:00:35]} {[%emt 00:00:29]} Kc6 {[%clk
00:09:56]} {[%emt 00:00:09]} 56. Kc4 {[%clk 00:00:32]} {[%emt 00:00:34]} Kd6
{[%clk 00:10:17]} {[%emt 00:00:08]} 57. Kb3 {[%clk 00:00:59]} {[%emt 00:00:03]}
Ke6 {[%clk 00:10:35]} {[%emt 00:00:11]} 58. Kc4 {[%clk 00:00:48]} {[%emt
00:00:43]} Kf6 {[%clk 00:09:40]} {[%emt 00:01:23]} 59. Kb3 {[%clk 00:00:34]}
{[%emt 00:00:45]} Kg7 {[%clk 00:09:44]} {[%emt 00:00:25]} 60. Kc2 {[%clk
00:00:32]} {[%emt 00:00:33]} Rc8+ {[%clk 00:10:05]} {[%emt 00:00:08]} 61. Kb3
{[%clk 00:00:47]} {[%emt 00:00:16]} Rc3+ {[%clk 00:07:04]} {[%emt 00:03:31]}
62. Ka4 {[%clk 00:00:50]} {[%emt 00:00:28]} Rf3 {[%clk 00:05:18]} {[%emt
00:02:14]} 63. Kb4 {[%clk 00:00:36]} {[%emt 00:00:45]} Bf6 {[%clk 00:04:21]}
{[%emt 00:01:26]} 64. Ka4 {[%clk 00:00:52]} {[%emt 00:00:15]} Be7 {[%clk
00:04:10]} {[%emt 00:00:40]} 65. Re2 {[%clk 00:00:39]} {[%emt 00:00:44]} Bf8
{[%clk 00:04:21]} {[%emt 00:00:18]} 66. Rg2 {[%clk 00:00:39]} {[%emt 00:00:31]}
Rf1 {[%clk 00:04:30]} {[%emt 00:00:18]} 67. Kb3 {[%clk 00:00:32]} {[%emt
00:00:40]} Rb1+ {[%clk 00:04:44]} {[%emt 00:00:16]} 68. Kc3 {[%clk 00:00:46]}
{[%emt 00:00:16]} Be7 {[%clk 00:04:55]} {[%emt 00:00:18]} 69. Re2 {[%clk
00:00:34]} {[%emt 00:00:44]} Bf6+ {[%clk 00:05:03]} {[%emt 00:00:21]} 70. Kc2
{[%clk 00:00:42]} {[%emt 00:00:22]} Rb2+ {[%clk 00:04:53]} {[%emt 00:00:40]}
71. Kd3 {[%clk 00:00:33]} {[%emt 00:00:40]} Kxg6 {[%clk 00:03:42]} {[%emt
00:01:40]} 72. Rxb2 {[%clk 00:00:52]} {[%emt 00:00:12]} axb2 {[%clk 00:04:11]}
{[%emt 00:00:01]} 73. Kc2 {[%clk 00:01:14]} {[%emt 00:00:09]} Kf7 {[%clk
00:04:34]} {[%emt 00:00:05]} 74. Kb1 {[%clk 00:01:40]} {[%emt 00:00:05]} Ke6
{[%clk 00:04:51]} {[%emt 00:00:12]} 75. Kc2 {[%clk 00:01:53]} {[%emt 00:00:18]}
Kd5 {[%clk 00:05:15]} {[%emt 00:00:05]} 76. Kb1 {[%clk 00:02:15]} {[%emt
00:00:09]} Kc4 {[%clk 00:05:34]} {[%emt 00:00:10]} 77. Kc2 {[%clk 00:02:23]}
{[%emt 00:00:23]} Kb4 {[%clk 00:05:55]} {[%emt 00:00:09]} 78. a3+ {[%clk
00:02:27]} {[%emt 00:00:26]} Kxa3 {[%clk 00:06:17]} {[%emt 00:00:08]} 79. Kb1
{[%clk 00:02:51]} {[%emt 00:00:06]} Kb4 {[%clk 00:06:40]} {[%emt 00:00:07]} 80.
Kc2 {[%clk 00:03:18]} {[%emt 00:00:03]} Ka4 {[%clk 00:07:04]} {[%emt 00:00:05]}
81. Kb1 {[%clk 00:03:43]} {[%emt 00:00:05]} Ka3 {[%clk 00:07:27]} {[%emt
00:00:05]} 0-1